Library of the University of Algiers 3
Ibrahim Sultan Cheibout
شعار جامعة الجزائر 3
مكتبة جامعة الجزائر 3
إبراهيم سلطان شيبوط

قراءات في اقتصاديات الخدمات والمشروعات العامة : (رقم التسجيلة. 45399)

تفاصيل مارك
000 -LEADER
fixed length control field 01142nam a2200217Ia 4500
003 - CONTROL NUMBER IDENTIFIER
control field Ost
005 - DATE AND TIME OF LATEST TRANSACTION
control field 20260507075640.0
008 - FIXED-LENGTH DATA ELEMENTS--GENERAL INFORMATION
fixed length control field 260507s9999||||xx |||||||||||||| ||und||
040 ## - CATALOGING SOURCE
Transcribing agency fsecg
041 ## - LANGUAGE CODE
Language code of text/sound track or separate title ara
082 ## - DEWEY DECIMAL CLASSIFICATION NUMBER
Classification number 658.1
100 ## - MAIN ENTRY--PERSONAL NAME
Personal name عثمان، سعيد عبد العزيز
Relator term مؤلف
245 #0 - TITLE STATEMENT
Title قراءات في اقتصاديات الخدمات والمشروعات العامة :
Remainder of title دراسات نظرية وتطبيقية /
Statement of responsibility, etc. سعيد عبد العزيز عثمان
260 ## - PUBLICATION, DISTRIBUTION, ETC.
Place of publication, distribution, etc. الإسكندرية:
Name of publisher, distributor, etc. الدار الجامعية,
Date of publication, distribution, etc. 2000
300 ## - PHYSICAL DESCRIPTION
Extent 563 صفحة؛
Other physical details إيضاحات ؛
Dimensions 24 سم
520 ## - SUMMARY, ETC.
Summary, etc. الأسس الإقتصادية للنشاط الحكومي ، السياسة التسعيرية في قطاع الخدمات العامة ، الخصخصة والكفاءة الإقتصادية، برامج التخصيص وأسواق رأس المال في الدول النامية، انتاجية النفقة العامة في قطاع الخدمات الصحية
653 ## - INDEX TERM--UNCONTROLLED
Uncontrolled term القطاع العام
653 ## - INDEX TERM--UNCONTROLLED
Uncontrolled term المرافق العامة
653 ## - INDEX TERM--UNCONTROLLED
Uncontrolled term المشروعات
942 ## - ADDED ENTRY ELEMENTS (KOHA)
Koha item type كتب
المقتنيات
Withdrawn status Lost status Source of classification or shelving scheme Damaged status Not for loan Home library Current library Date acquired Serial enumeration / chronology Inventory number Total checkouts Full call number Barcode Date last seen Price effective from Koha item type
    Dewey Decimal Classification   NOT LOAN / إعارة داخلية مكتبة كلية العلوم الإقتصادية والعلوم التجارية وعلوم التسيير مكتبة كلية العلوم الإقتصادية والعلوم التجارية وعلوم التسيير 07/05/2026 الطابق الأرضي 907/1   أ/907ن1 907/1 07/05/2026 07/05/2026 كتب

موارد الويب المفتوحة


© University of Algiers 3 All Rights Reserved
|
Implemented by LECHELAH Riad